000 00815nam a2200229 a 4500
001 13787
003 BD-JhCC
005 20240322103118.0
008 240322b 2022b |||| ||a| 001 0 b d
020 _a9789840762620
035 _a(BD-JhCC)13787
040 _aBD-JhCC
_dBD-JhCC
041 _aben
082 _a531.55
_bBHA 2022
100 _a ভূঞা, ড. গোলাম মোহাম্মদ
245 _aসংখ্যায়নিক বলবিদ্যা /
_bড. গোলাম মোহাম্মদ ভূঞা
260 _aঢাকা:
_bবাংলা একাডেমী;
_c2022.
300 _a336 p. :
_c22 cm.
650 _aপদার্থবিজ্ঞান ও ফলিত পদার্থবিদ্যা বিভাগ
942 _2ddc
_cBK
999 _c13787
_d13787